[Event "21st ch-EUR Indiv w 2021"]
[Site "Iasi ROU"]
[Date "2021.08.10"]
[Round "2.50"]
[White "Ghukasyan, Siranush"]
[Black "Paraschiv, Petronela-Alexandra"]
[Result "1-0"]
[WhiteTitle "WIM"]
[WhiteElo "2194"]
[BlackElo "1979"]
[WhiteFideId "13300946"]
[BlackFideId "1233696"]
[EventDate "2021.08.09"]

1. e4 c5 2. Nf3 a6 3. c4 Nc6 4. d4 cxd4 5. Nxd4 e5 6. Nc2 g6 7. Nc3 d6 8. Be2
Bg7 9. O-O Nge7 10. Be3 Be6 11. Qd2 O-O 12. Rad1 Nc8 13. Nd5 N6e7 14. Qb4 Bxd5
15. cxd5 Qd7 16. a4 f5 17. f3 f4 18. Bf2 g5 19. Na3 Ng6 20. Rc1 Bf6 21. Rc3 Bd8
22. Rfc1 Nge7 23. a5 Rf7 24. Bd1 b5 25. axb6 a5 26. b7 axb4 27. bxa8=Q bxc3 28.
Rxc3 Qe8 29. Ba4 Qf8 30. Qa6 g4 31. Bd7 g3 32. hxg3 fxg3 33. Be3 Rxf3 34. gxf3
Qxf3 35. Be6+ Kh8 36. Qf1 1-0

[Event "21st ch-EUR Indiv w 2021"]
[Site "Iasi ROU"]
[Date "2021.08.10"]
[Round "2.51"]
[White "Obada, Ema"]
[Black "Zherebtsova, Alexandra"]
[Result "0-1"]
[WhiteTitle "WCM"]
[BlackTitle "WFM"]
[WhiteElo "1981"]
[BlackElo "2188"]
[WhiteFideId "1234803"]
[BlackFideId "24129518"]
[EventDate "2021.08.09"]

1. e4 e5 2. Nf3 Nc6 3. Bb5 a6 4. Ba4 Nf6 5. d3 d6 6. c3 g6 7. O-O Bg7 8. Re1 O-O
9. h3 b5 10. Bc2 Bb7 11. Be3 Qd7 12. Nbd2 Rfe8 13. a3 d5 14. Nb3 Rad8 15. Nc5
Qc8 16. Nd2 d4 17. Bg5 Ba8 18. Qf3 Rd6 19. Ndb3 h6 20. Bd2 Nd7 21. a4 Bf8 22.
Qg3 Nxc5 23. Nxc5 Rf6 24. Nb3 dxc3 25. bxc3 b4 26. d4 bxc3 27. Bxc3 exd4 28.
Nxd4 Nxd4 29. Bxd4 Rd6 30. Bb2 Bg7 31. e5 Rb6 32. Bc3 Qe6 33. a5 Rbb8 34. f4 Qc6
35. Re3 Re7 36. Rae1 h5 37. R1e2 Rbe8 38. f5 gxf5 39. Bxf5 Qh6 40. Bb4 h4 41.
Qg4 c5 42. Bxc5 Rc7 43. Bd4 Rd8 44. Rd3 Rc4 45. Red2 Re8 46. Qe2 Qf4 47. Qh5
Rc1+ 48. Rd1 Rc2 49. Bh7+ Kf8 50. Bc5+ Rxc5 51. Rf1 Rc1 52. Rdd1 Rxd1 53. Rxd1
Qe3+ 54. Kf1 Qxe5 55. Qxh4 Qe2+ 0-1

[Event "21st ch-EUR Indiv w 2021"]
[Site "Iasi ROU"]
[Date "2021.08.10"]
[Round "2.52"]
[White "Mikheeva, Galina"]
[Black "Gvanceladze, Anna"]
[Result "0-1"]
[WhiteTitle "WFM"]
[BlackTitle "WFM"]
[WhiteElo "1968"]
[BlackElo "2182"]
[WhiteFideId "44108320"]
[BlackFideId "4113721"]
[EventDate "2021.08.09"]

1. d4 d5 2. Bf4 c5 3. e3 Nf6 4. Nc3 cxd4 5. exd4 a6 6. Nf3 Nc6 7. Ne5 e6 8. Nxc6
bxc6 9. Qd2 c5 10. Be2 Bd7 11. Rb1 Qb6 12. Be5 cxd4 13. Qxd4 Qxd4 14. Bxd4 Bd6
15. Bf3 O-O 16. Bxf6 gxf6 17. O-O Be5 18. Ne2 Rab8 19. c3 Rfc8 20. Bh5 Bb5 21.
f4 Bd6 22. Rf3 Kf8 23. Kf2 Rc4 24. b3 Re4 25. Rh3 Bxf4 26. Bf3 Be3+ 27. Ke1 Re5
28. Rxh7 Kg8 29. Rh4 Rc8 30. Kd1 Bf2 31. Rg4+ Kh7 32. Rb2 f5 33. Rb4 Bc5 34.
Rh4+ Kg6 35. a4 Be7 36. Rh3 Bd7 37. Nf4+ Kg5 38. Nd3 Re3 39. Kd2 f4 40. Rh5+ Kf6
41. Rc2 Bd6 42. Rc1 Rb8 43. Bd1 e5 44. Nf2 Rg8 45. g3 fxg3 46. Rh6+ Ke7 47. hxg3
Rgxg3 48. Rh4 Ba3 49. Rc2 Bf5 50. Ng4 Rd3+ 51. Ke2 Rxd1 52. Kxd1 Rg1+ 53. Kd2
Rg2+ 0-1

[Event "21st ch-EUR Indiv w 2021"]
[Site "Iasi ROU"]
[Date "2021.08.10"]
[Round "2.53"]
[White "Toncheva, Nadya"]
[Black "Mirza, Diana"]
[Result "1-0"]
[WhiteTitle "FM"]
[BlackTitle "WFM"]
[WhiteElo "2156"]
[BlackElo "1933"]
[WhiteFideId "2924056"]
[BlackFideId "2503999"]
[EventDate "2021.08.09"]

1. e4 d5 2. exd5 Qxd5 3. Nc3 Qa5 4. d4 Nf6 5. Nf3 Bf5 6. Bc4 e6 7. O-O c6 8. Re1
Be7 9. h3 Nbd7 10. a4 b5 11. Bb3 b4 12. Ne2 O-O 13. Ng3 Bg6 14. Nh4 Nd5 15. Nxg6
hxg6 16. Qf3 Bf6 17. Rd1 e5 18. Ne4 exd4 19. Nxf6+ N7xf6 20. Rxd4 Rfe8 21. Bg5
Re5 22. Bxf6 Nxf6 23. Qxc6 Rae8 24. Qc4 Re1+ 25. Rxe1 Rxe1+ 26. Kh2 Qe5+ 27. g3
g5 28. Rd7 Qe6 29. Qc8+ 1-0

[Event "21st ch-EUR Indiv w 2021"]
[Site "Iasi ROU"]
[Date "2021.08.10"]
[Round "2.54"]
[White "Maria, Lia-Alexandra"]
[Black "Cosman, Andreea-Marioara"]
[Result "1/2-1/2"]
[WhiteTitle "WCM"]
[BlackTitle "WFM"]
[WhiteElo "1837"]
[BlackElo "2143"]
[WhiteFideId "1248952"]
[BlackFideId "1217968"]
[EventDate "2021.08.09"]

1. e4 c5 2. Nf3 d6 3. d4 cxd4 4. Nxd4 Nf6 5. Nc3 a6 6. Be3 e5 7. Nb3 Be6 8. f3
h5 9. Qd2 Nbd7 10. Nd5 Bxd5 11. exd5 g6 12. Be2 Bg7 13. c4 b6 14. Rc1 O-O 15.
O-O a5 16. Na1 Nh7 17. f4 exf4 18. Bxf4 Qf6 19. b3 Rfe8 20. Rcd1 Nc5 21. Nc2 Qb2
22. Ra1 Nf6 23. Bd3 Nfe4 24. Bxe4 Nxe4 25. Qd3 g5 26. Be3 Qc3 27. Qd1 Rab8 28.
Rc1 Nc5 29. Qxh5 Rxe3 30. Qxf7+ Kh8 31. Qh5+ Kg8 32. Qf7+ Kh8 33. Qh5+ Kg8 34.
Qf7+ 1/2-1/2

[Event "21st ch-EUR Indiv w 2021"]
[Site "Iasi ROU"]
[Date "2021.08.10"]
[Round "2.55"]
[White "Pavlidou, Ekaterini"]
[Black "Babayeva, Nasrin"]
[Result "0-1"]
[WhiteTitle "WIM"]
[WhiteElo "2136"]
[BlackElo "1889"]
[WhiteFideId "4213262"]
[BlackFideId "13416626"]
[EventDate "2021.08.09"]

1. d4 d6 2. c4 e5 3. d5 f5 4. Nc3 Nf6 5. g3 g6 6. Bg2 Bg7 7. Nf3 O-O 8. O-O a5
9. b3 Na6 10. a3 Nc5 11. Rb1 Nce4 12. Bb2 c6 13. dxc6 bxc6 14. Qc2 Bb7 15. Rbd1
Qe7 16. Na4 g5 17. c5 Nd5 18. cxd6 Nxd6 19. Nc5 Bc8 20. Nxg5 e4 21. Bxg7 Kxg7
22. Qc1 Nb5 23. Na4 Qf6 24. f3 Nd4 25. Qb2 Nxe2+ 26. Qxe2 Qxg5 27. fxe4 Ne3 28.
Qd2 h6 29. Qc3+ Kg8 30. Qxc6 Nxd1 31. Rxd1 Ra6 32. Qc4+ Kg7 33. Qc3+ Kg6 34. Nc5
Raf6 35. h4 Qg4 36. Nd3 Qxd1+ 37. Kh2 Kh7 38. e5 Rg6 39. Nf4 Rg7 40. Bd5 Rd8 41.
Qc5 Qe1 0-1

[Event "21st ch-EUR Indiv w 2021"]
[Site "Iasi ROU"]
[Date "2021.08.10"]
[Round "2.56"]
[White "Petrova, Irina"]
[Black "Babineca, Darja"]
[Result "1-0"]
[WhiteTitle "WIM"]
[WhiteElo "2110"]
[BlackElo "1756"]
[WhiteFideId "14124122"]
[BlackFideId "1337440"]
[EventDate "2021.08.09"]

1. e4 c5 2. Nf3 d6 3. Bb5+ Nd7 4. O-O a6 5. Bxd7+ Bxd7 6. d4 cxd4 7. Qxd4 Rc8 8.
a4 Qc7 9. Nc3 e6 10. Rd1 Nf6 11. Qd3 Be7 12. Bf4 Bc6 13. Nd4 Nh5 14. Be3 O-O 15.
Rd2 Rfd8 16. Rad1 Bf8 17. Nxc6 Qxc6 18. Qe2 g6 19. g4 Ng7 20. Bg5 Rd7 21. e5 Ne8
22. Ne4 Rcc7 23. exd6 Bxd6 24. Nxd6 Rxd6 25. Rxd6 Nxd6 26. Bf4 Ne8 27. Bxc7 Nxc7
28. Rd8+ Kg7 29. Qe5+ f6 30. Qc3 Qxc3 31. bxc3 Kh6 32. Rd7 Nd5 33. Rxb7 Nxc3 34.
a5 1-0

[Event "21st ch-EUR Indiv w 2021"]
[Site "Iasi ROU"]
[Date "2021.08.10"]
[Round "2.57"]
[White "Kostina, Veronika"]
[Black "Froewis, Annika"]
[Result "1/2-1/2"]
[BlackTitle "WFM"]
[WhiteElo "1801"]
[BlackElo "2107"]
[WhiteFideId "34166235"]
[BlackFideId "1621432"]
[EventDate "2021.08.09"]

1. Nf3 d5 2. g3 Nf6 3. Bg2 e6 4. O-O c5 5. d3 Be7 6. Nbd2 Nc6 7. e4 dxe4 8. dxe4
e5 9. Re1 O-O 10. b3 Re8 11. Bb2 Bf8 12. Nc4 Qc7 13. Ne3 b6 14. Nd5 Qd6 15. Nd2
Ba6 16. c4 Rad8 17. Nf1 Nd4 18. Nfe3 Nxd5 19. exd5 Bc8 20. Qd3 g6 21. Rad1 Bg7
22. Rf1 Qe7 23. Ba1 Rd6 24. Qd2 Bh6 25. Qb2 f5 26. Nc2 f4 27. Rfe1 Qf7 28. Nxd4
exd4 29. Rxe8+ Qxe8 30. Kf1 Bf5 31. Qe2 Qf8 32. Re1 fxg3 33. hxg3 Rf6 34. Kg1 d3
35. Qd1 d2 36. Rf1 Bd3 37. Bxf6 Qxf6 38. f4 Bxf1 39. Kxf1 Qc3 40. Bf3 Bg7 41.
Ke2 Kf7 42. Qxd2 Qxd2+ 43. Kxd2 Bf8 44. g4 h6 45. Ke3 Kf6 46. Ke4 Bd6 47. Bd1
Bb8 48. Bc2 Bd6 49. Bb1 Kf7 50. g5 hxg5 51. fxg5 Kg7 52. Bd3 Kf7 53. Bf1 Kg7 54.
Bh3 Kf8 55. Bd7 Ke7 56. Bg4 1/2-1/2

[Event "21st ch-EUR Indiv w 2021"]
[Site "Iasi ROU"]
[Date "2021.08.10"]
[Round "2.58"]
[White "Narva, Triin"]
[Black "Pirvan, Maria"]
[Result "1-0"]
[WhiteTitle "WFM"]
[WhiteElo "2100"]
[BlackElo "1628"]
[WhiteFideId "4502680"]
[BlackFideId "1262629"]
[EventDate "2021.08.09"]

1. e4 c5 2. Nc3 Nc6 3. Nge2 Nd4 4. Nxd4 cxd4 5. Nb5 e5 6. Bc4 Nf6 7. a4 a6 8.
Na3 Bc5 9. d3 O-O 10. O-O d5 11. exd5 Nxd5 12. Re1 Qd6 13. Qf3 Bxa3 14. Bxd5 Bb4
15. Re2 Ra7 16. Qe4 Re8 17. f4 Bg4 18. fxe5 Qg6 19. Qxg6 hxg6 20. Rf2 Rxe5 21.
Bxf7+ Kh7 22. Bf4 Re7 23. Bb3 b6 24. h3 Be6 25. Bg5 Re8 26. Re2 Bd7 27. Rxe8
Bxe8 28. Rf1 b5 29. Rf4 Be1 30. Re4 1-0

[Event "21st ch-EUR Indiv w 2021"]
[Site "Iasi ROU"]
[Date "2021.08.11"]
[Round "3.1"]
[White "Batsiashvili, Nino"]
[Black "Mammadova, Gulnar"]
[Result "1-0"]
[WhiteTitle "GM"]
[BlackTitle "IM"]
[WhiteElo "2487"]
[BlackElo "2385"]
[WhiteFideId "13602993"]
[BlackFideId "13403508"]
[EventDate "2021.08.09"]

1. d4 Nf6 2. c4 g6 3. Nc3 Bg7 4. e4 d6 5. h3 O-O 6. Be3 e5 7. d5 Na6 8. g4 Nc5
9. f3 c6 10. Qd2 cxd5 11. cxd5 Bd7 12. h4 h5 13. g5 Ne8 14. Nh3 a5 15. Nf2 a4
16. Nd3 b6 17. Nb4 Nc7 18. Be2 Qe8 19. O-O Kh7 20. Rad1 Rd8 21. Rf2 Nb5 22. Nxb5
Bxb5 23. Bxb5 Qxb5 24. Nc6 Rde8 25. Qe2 Qxe2 26. Rxe2 f5 27. Bxc5 bxc5 28. Rf1
Rf7 29. Na5 Bf8 30. Nc4 Rb8 31. f4 Rb4 32. Rc2 exf4 33. Rxf4 Kg7 34. exf5 Rxf5
35. Rxf5 gxf5 36. a3 Rb3 37. Rc3 Rb8 38. Re3 Kg8 39. Kf1 Bg7 40. Nxd6 Bxb2 41.
Nc4 Bd4 42. Rf3 Kf7 43. Rxf5+ Ke7 44. Ke2 Rb1 45. g6 Rc1 46. Rf7+ Kd8 47. Nb6
Rb1 48. Rb7 Be5 49. d6 1-0

[Event "21st ch-EUR Indiv w 2021"]
[Site "Iasi ROU"]
[Date "2021.08.11"]
[Round "3.2"]
[White "Tsolakidou, Stavroula"]
[Black "Mammadzada, Gunay"]
[Result "0-1"]
[WhiteTitle "IM"]
[BlackTitle "IM"]
[WhiteElo "2389"]
[BlackElo "2460"]
[WhiteFideId "4264312"]
[BlackFideId "13403729"]
[EventDate "2021.08.09"]

1. d4 Nf6 2. c4 e6 3. g3 Bb4+ 4. Bd2 Be7 5. Bg2 d5 6. Nf3 Nbd7 7. O-O c6 8. Qc2
b6 9. a4 Ba6 10. b3 O-O 11. a5 Ne4 12. axb6 Nxd2 13. Nbxd2 axb6 14. e4 Bb7 15.
h4 h6 16. Rfd1 Qb8 17. Nf1 Rxa1 18. Rxa1 dxe4 19. Qxe4 c5 20. Qe2 Bxf3 21. Qxf3
cxd4 22. Rd1 e5 23. Ne3 dxe3 24. Rxd7 exf2+ 25. Kxf2 Bc5+ 26. Ke2 e4 27. Qc3 e3
28. Qe1 Qe5 29. Bd5 Qb2+ 30. Kf3 Qxb3 31. Qe2 Qb1 32. Kg2 Qf5 33. Rb7 Kh8 34. h5
Qf6 35. Rd7 g6 36. Rb7 Bd4 37. Qf3 Re8 38. Qe2 Qf2+ 39. Qxf2 exf2 40. Rxf7 gxh5
41. Kh3 Re1 42. Bg2 Rc1 43. Kh4 Rg1 44. Kh3 Bc5 45. Rf5 Kg7 46. Rf4 Rc1 47. Kh4
Be3 48. Rf3 Rxc4+ 49. Kxh5 Rc3 50. Bf1 b5 51. Bh3 b4 52. Be6 Rc5+ 53. Kh4 Rc1
54. Bh3 b3 55. Rxe3 b2 0-1

[Event "21st ch-EUR Indiv w 2021"]
[Site "Iasi ROU"]
[Date "2021.08.11"]
[Round "3.3"]
[White "Sargsyan, Anna M."]
[Black "Girya, Olga"]
[Result "1/2-1/2"]
[WhiteTitle "WGM"]
[BlackTitle "WGM"]
[WhiteElo "2388"]
[BlackElo "2425"]
[WhiteFideId "13308130"]
[BlackFideId "4195752"]
[EventDate "2021.08.09"]

1. d4 Nf6 2. c4 e6 3. Nf3 d5 4. Nc3 dxc4 5. e4 Bb4 6. Bxc4 Nxe4 7. O-O Nf6 8.
Bg5 O-O 9. Rc1 h6 10. Bh4 Be7 11. Re1 Nbd7 12. Bd3 Nb6 13. Bb1 Nfd5 14. Bg3 f5
15. h3 a5 16. a3 Nxc3 17. Rxc3 Nd5 18. Rc1 Bd6 19. Be5 Bd7 20. Bxd6 cxd6 21. Ba2
Re8 22. Bxd5 exd5 23. Qb3 Bc6 24. Rxe8+ Qxe8 25. Nd2 Qe6 26. Qb6 a4 27. Nf3 Re8
28. Re1 Qd7 29. Rxe8+ Qxe8 30. Qc7 Qe6 31. Qd8+ Kf7 32. Qc7+ Kg8 33. Qb8+ Kf7
34. Qc7+ Kg8 35. Qb8+ Kh7 36. Qc7 f4 37. Qd8 Bb5 38. Qf8 g5 39. Qd8 Kg6 40. Qb6
Bc6 41. Qd8 Kf7 42. Qc7+ Ke8 43. Kh2 Qf6 44. Qc8+ Kf7 45. Qc7+ Kg6 46. Qc8 Kf7
47. Qc7+ Kg6 1/2-1/2

[Event "21st ch-EUR Indiv w 2021"]
[Site "Iasi ROU"]
[Date "2021.08.11"]
[Round "3.4"]
[White "Radeva, Viktoria"]
[Black "Osmak, Iulija"]
[Result "1/2-1/2"]
[WhiteTitle "WGM"]
[BlackTitle "IM"]
[WhiteElo "2372"]
[BlackElo "2418"]
[WhiteFideId "2915405"]
[BlackFideId "14101602"]
[EventDate "2021.08.09"]

1. e4 c5 2. Nf3 d6 3. d4 cxd4 4. Qxd4 Nc6 5. Bb5 a6 6. Bxc6+ bxc6 7. c4 e5 8.
Qd3 Ne7 9. c5 Ng6 10. cxd6 Qxd6 11. Qxd6 Bxd6 12. O-O f6 13. Be3 Kf7 14. Nbd2
Rb8 15. Rac1 Be7 16. b3 Bd7 17. Nc4 Rhd8 18. Bb6 Rdc8 19. Ba7 Rb7 20. Be3 Be8
21. Rfd1 Ke6 22. Ne1 Rb5 23. Nd3 Nf8 24. Nb6 Rb8 25. Na4 Kf7 26. Nac5 a5 27. f3
Rd8 28. Kf2 g5 29. Ke2 h5 30. a4 Rbb8 31. Bd2 Bxc5 32. Nxc5 Ne6 33. Nxe6 Kxe6
34. Rb1 Ra8 35. Rdc1 1/2-1/2

[Event "21st ch-EUR Indiv w 2021"]
[Site "Iasi ROU"]
[Date "2021.08.11"]
[Round "3.5"]
[White "Zimina, Olga"]
[Black "Bulmaga, Irina"]
[Result "0-1"]
[WhiteTitle "IM"]
[BlackTitle "IM"]
[WhiteElo "2345"]
[BlackElo "2413"]
[WhiteFideId "4132190"]
[BlackFideId "13903063"]
[EventDate "2021.08.09"]

1. d4 Nf6 2. Nf3 e6 3. g3 c5 4. Bg2 cxd4 5. O-O d5 6. b3 Be7 7. Bb2 O-O 8. Nbd2
b6 9. Rc1 Re8 10. Ne5 Bb7 11. Bxd4 Ba3 12. Ra1 Nc6 13. Nxc6 Bxc6 14. Nc4 Bc5 15.
Ne5 Bb7 16. c4 Rc8 17. cxd5 Bxd5 18. Bxc5 Rxc5 19. Nd3 Bxg2 20. Kxg2 Qa8+ 21.
Kg1 Rd8 22. Qe1 Rcd5 23. Rc1 h5 24. Qc3 R5d6 25. Qe5 Rd5 26. Qc7 Ne8 27. Qc6 Qb8
28. Nb4 Rd2 29. Qf3 Qd6 30. Nc6 Rd7 31. Qxh5 Rd5 32. Qh4 Rc7 33. Qa4 b5 34. Qa6
Rc5 35. Rxc5 Qxc5 36. Nb8 Nf6 37. a4 bxa4 38. Qxa4 Qc2 39. e3 Kh7 40. Na6 Rc3
41. Qd4 Rxb3 42. Nc5 Rb5 43. Nd7 Ne4 44. Qxa7 Rb1 45. Nf6+ Nxf6 46. Qxf7 Rb6 47.
h3 Qf5 48. Kg2 Qe4+ 49. Kg1 Rb5 50. Rc1 Qf5 51. Kg2 Rb2 52. Rf1 Qd5+ 53. Kg1 Rb7
54. Qf8 Qf5 55. Kg2 Qe4+ 56. Kh2 Rb5 57. Kg1 Rh5 58. h4 Qg4 59. Kh2 Qf3 60. Kg1
Rf5 61. Qd6 Ne4 62. Qc6 Rf6 63. Qb7 Qf5 64. Qb1 Qf3 65. Qb7 Kg6 66. Qb1 Kh6 67.
Qb7 Qf5 68. Qb1 Qg4 69. Qb8 Qf3 70. Qa8 Kh7 71. Qb7 Rf7 72. Qc6 Qf5 73. Qc2 Nxg3 0-1

[Event "21st ch-EUR Indiv w 2021"]
[Site "Iasi ROU"]
[Date "2021.08.11"]
[Round "3.6"]
[White "Danielian, Elina"]
[Black "Balajayeva, Khanim"]
[Result "1-0"]
[WhiteTitle "GM"]
[BlackTitle "WGM"]
[WhiteElo "2407"]
[BlackElo "2376"]
[WhiteFideId "13300210"]
[BlackFideId "13406396"]
[EventDate "2021.08.09"]

1. d4 d5 2. c4 e6 3. Nf3 Nf6 4. e3 c5 5. a3 cxd4 6. exd4 Be7 7. Nc3 O-O 8. Bd3
dxc4 9. Bxc4 b6 10. O-O Ba6 11. Bxa6 Nxa6 12. Ne5 Nc7 13. Bg5 h6 14. Bxf6 Bxf6
15. Rc1 Nd5 16. Ne4 Qe7 17. Qa4 Bg5 18. Rc2 Rfc8 19. g3 Rxc2 20. Qxc2 Qc7 21.
Qxc7 Nxc7 22. Nd6 Rf8 23. Nc6 Ra8 24. h4 Bf6 25. Rc1 Ne8 26. Nxe8 Rxe8 27. Rc4
Ra8 28. Kf1 Kf8 29. Ke2 Ke8 30. h5 Kd7 31. Kd3 Kd6 32. f4 a6 33. b3 Rg8 34. Ne5
Bxe5 35. dxe5+ Kd7 36. Rd4+ Kc7 37. Ke4 Re8 38. g4 Rf8 39. Rd1 Re8 40. b4 Rf8
41. f5 Rg8 42. a4 Re8 43. Rg1 Rd8 44. Rc1+ Kb7 45. b5 axb5 46. axb5 Ra8 47. Rc4
Rg8 48. Rc6 Re8 49. Kf4 Rf8 50. Rc1 Rd8 51. Rc6 Rf8 52. g5 hxg5+ 53. Kxg5 exf5
54. h6 gxh6+ 55. Rxh6 Rd8 56. Rh7 Rd5 57. e6 Kc8 58. exf7 Rd8 59. Rg7 1-0

[Event "21st ch-EUR Indiv w 2021"]
[Site "Iasi ROU"]
[Date "2021.08.11"]
[Round "3.7"]
[White "Heinemann, Josefine"]
[Black "Unuk, Laura"]
[Result "1/2-1/2"]
[WhiteTitle "WGM"]
[BlackTitle "IM"]
[WhiteElo "2296"]
[BlackElo "2407"]
[WhiteFideId "12900460"]
[BlackFideId "14609215"]
[EventDate "2021.08.09"]

1. e4 e5 2. Nf3 Nc6 3. Bb5 f5 4. d3 fxe4 5. dxe4 Nf6 6. Nc3 Bb4 7. Qd3 Bxc3+ 8.
bxc3 O-O 9. O-O Qe8 10. Be3 Kh8 11. c4 d6 12. c5 d5 13. Ng5 dxe4 14. Nxe4 Bf5
15. f3 Qg6 16. Bxc6 bxc6 17. Bf2 Rad8 18. Qe3 Bxe4 19. fxe4 Nxe4 20. Bh4 Rxf1+
21. Rxf1 Re8 22. Qd3 Nxc5 23. Qxg6 hxg6 24. Rf7 Ne6 25. Bg3 Nd4 26. Rxc7 e4 27.
c3 Ne2+ 28. Kf2 Nxc3 29. Rxc6 e3+ 30. Kf3 Nxa2 31. Be1 e2 32. Rc2 Nb4 33. Bxb4
e1=Q 34. Bxe1 Rxe1 35. Ra2 Re7 36. Ra6 Kh7 1/2-1/2

[Event "21st ch-EUR Indiv w 2021"]
[Site "Iasi ROU"]
[Date "2021.08.11"]
[Round "3.8"]
[White "Zawadzka, Jolanta"]
[Black "Injac, Teodora"]
[Result "1-0"]
[WhiteTitle "WGM"]
[BlackTitle "WGM"]
[WhiteElo "2403"]
[BlackElo "2370"]
[WhiteFideId "1122320"]
[BlackFideId "932400"]
[EventDate "2021.08.09"]

1. e4 e5 2. Nf3 Nc6 3. Nc3 Nf6 4. d4 exd4 5. Nxd4 Bb4 6. Nxc6 bxc6 7. Bd3 d5 8.
Bd2 O-O 9. O-O Rb8 10. Re1 Ng4 11. h3 Ne5 12. Bf1 d4 13. Na4 Bxh3 14. Bxb4 Rxb4
15. gxh3 Qg5+ 16. Kh1 Rxa4 17. c3 Rd8 18. Qxa4 Rd6 19. Qb3 Nf3 20. Bg2 Nh4 21.
Rg1 d3 22. Qb8+ Rd8 23. Qxc7 h5 24. f4 Qg3 25. Qxd8+ Kh7 26. Qg5 Qf2 27. Raf1 1-0

[Event "21st ch-EUR Indiv w 2021"]
[Site "Iasi ROU"]
[Date "2021.08.11"]
[Round "3.9"]
[White "Charochkina, Daria"]
[Black "Khotenashvili, Bela"]
[Result "0-1"]
[WhiteTitle "IM"]
[BlackTitle "GM"]
[WhiteElo "2340"]
[BlackElo "2471"]
[WhiteFideId "4180917"]
[BlackFideId "13602640"]
[EventDate "2021.08.09"]

1. e4 c6 2. Nf3 d5 3. exd5 cxd5 4. Ne5 Nc6 5. Bb5 Bd7 6. Bxc6 Bxc6 7. O-O Nf6 8.
d4 e6 9. Bg5 Qb6 10. b3 Be7 11. c3 h6 12. Bh4 Rc8 13. Qf3 O-O 14. Nd2 Qd8 15.
Qe2 Ne8 16. Bxe7 Qxe7 17. Rfe1 Qd8 18. Qg4 Nd6 19. Re3 Nf5 20. Rh3 Qg5 21. Qd1
Be8 22. Rc1 Qe7 23. Nf1 f6 24. Nd3 b6 25. Qe1 Qd7 26. g4 Nd6 27. Re3 Bf7 28. Ng3
Rfe8 29. h4 Ne4 30. f3 Nxg3 31. Qxg3 e5 32. g5 exd4 33. gxf6 g6 34. Rxe8+ Qxe8
35. Re1 Qc6 36. Qf4 dxc3 37. Ne5 Qd6 38. h5 g5 39. Qf5 Qe6 40. Qc2 Qxf6 41. Ng4
Qd4+ 42. Kf1 Rc6 43. Re7 Qd2 44. Qf5 Qf4 45. Qd7 c2 46. Re8+ Kg7 0-1

[Event "21st ch-EUR Indiv w 2021"]
[Site "Iasi ROU"]
[Date "2021.08.11"]
[Round "3.10"]
[White "Javakhishvili, Lela"]
[Black "Mamedjarova, Turkan"]
[Result "1-0"]
[WhiteTitle "IM"]
[BlackTitle "WGM"]
[WhiteElo "2470"]
[BlackElo "2309"]
[WhiteFideId "13601458"]
[BlackFideId "13402005"]
[EventDate "2021.08.09"]

1. d4 Nf6 2. c4 e6 3. Nf3 b6 4. a3 Bb7 5. Nc3 d5 6. cxd5 exd5 7. Qc2 Bd6 8. Nb5
Ne4 9. g3 O-O 10. Bg2 Nd7 11. Nxd6 cxd6 12. O-O Ba6 13. Re1 Ndf6 14. Ng5 Qc8 15.
Qd1 Nxg5 16. Bxg5 Ne4 17. Bf4 Qd7 18. f3 Nf6 19. Qd2 Nh5 20. Be3 f5 21. Bf2 Bc4
22. Rac1 Rac8 23. Bh3 Nf6 24. Qg5 g6 25. Qd2 Qf7 26. Be3 Rfe8 27. Bf4 Qe6 28.
Qb4 Nh5 29. Qxd6 Nxf4 30. Qxf4 Qe3+ 31. Qxe3 Rxe3 32. Kf2 Rce8 33. Rc2 Kf7 34.
Bf1 Kf6 35. Rc3 Rxc3 36. bxc3 g5 37. Bg2 Bb5 38. e4 fxe4 39. fxe4 dxe4 40. Bxe4
Bc4 41. Bc6 Rc8 42. Bf3 Bf7 43. Rc1 Ke7 44. Ke3 Kd6 45. Kd2 h5 46. Be2 h4 47.
Rf1 hxg3 48. hxg3 Ke7 49. Rf5 Rg8 50. Rxf7+ Kxf7 51. Bc4+ Kg7 52. Bxg8 Kxg8 53.
c4 Kf7 54. Ke3 Ke6 55. Ke4 a6 56. a4 1-0

[Event "21st ch-EUR Indiv w 2021"]
[Site "Iasi ROU"]
[Date "2021.08.11"]
[Round "3.11"]
[White "Bodnaruk, Anastasia"]
[Black "Sliwicka, Alicja"]
[Result "1-0"]
[WhiteTitle "IM"]
[BlackTitle "WIM"]
[WhiteElo "2449"]
[BlackElo "2306"]
[WhiteFideId "4181751"]
[BlackFideId "1150677"]
[EventDate "2021.08.09"]

1. e4 e5 2. Nf3 Nc6 3. Bc4 Nf6 4. d3 h6 5. O-O d6 6. c3 g5 7. b4 a6 8. a4 Bg7 9.
Ba2 O-O 10. Nbd2 Ne7 11. Nc4 Ng6 12. Ne3 Nf4 13. g3 Ng6 14. Nf5 d5 15. Qe2 Re8
16. h4 g4 17. Nh2 Bxf5 18. exf5 Ne7 19. Nxg4 Nxg4 20. Qxg4 Qd6 21. f4 e4 22.
dxe4 dxe4 23. Be3 Kf8 24. Rad1 Qc6 25. Qh5 Qf6 26. Rd7 Red8 27. Bd4 Qxf5 28.
Qxf5 Bxd4+ 29. cxd4 Nxf5 30. Rxf7+ Ke8 31. Rxf5 Rxd4 32. Re1 Rxb4 33. Bd5 Kd7
34. Rxe4 Rb1+ 35. Kh2 c6 36. Be6+ Kc7 37. a5 b5 38. Rf7+ Kd6 39. Rd7+ Kc5 40. f5 1-0

[Event "21st ch-EUR Indiv w 2021"]
[Site "Iasi ROU"]
[Date "2021.08.11"]
[Round "3.12"]
[White "Arabidze, Meri"]
[Black "Antova, Gabriela"]
[Result "1/2-1/2"]
[WhiteTitle "IM"]
[BlackTitle "FM"]
[WhiteElo "2438"]
[BlackElo "2292"]
[WhiteFideId "13604040"]
[BlackFideId "2915235"]
[EventDate "2021.08.09"]

1. Nf3 d5 2. g3 c6 3. Bg2 Bg4 4. O-O Nd7 5. d3 Ngf6 6. h3 Bh5 7. Qe1 e5 8. e4
dxe4 9. dxe4 Bc5 10. a4 O-O 11. Nbd2 Re8 12. Nh4 Qc7 13. Nc4 b5 14. Ne3 a6 15.
Nef5 Bg6 16. Bg5 Bxf5 17. Nxf5 h6 18. Bd2 Bf8 19. Kh1 Nc5 20. b3 Kh7 21. Ba5 Qc8
22. Rd1 bxa4 23. bxa4 Qe6 24. Qe2 g6 25. Ne3 Nfxe4 26. Qc4 f5 27. g4 Qxc4 28.
Nxc4 Re6 29. Kh2 Nf6 30. gxf5 gxf5 31. f4 e4 32. Ne3 Nb7 33. Bc3 Nd5 34. Nxd5
cxd5 35. Rxd5 Rc8 36. Rxf5 Rxc3 37. Rxf8 Kg7 38. f5 Rf6 39. Rxf6 Kxf6 40. Bxe4
Nc5 41. Bd3 Nxd3 42. cxd3 Rxd3 43. Rb1 Rd6 44. Rb4 1/2-1/2